Statystyki dla ikony na literę b fifa22

Kliknij tutaj aby rozwiązać quiz!

Ogólne statystyki

  • Ten quiz został rozwiązany 73 razy
  • Średni wynik to 3 z 8

Statystyki odpowiedzi

odpowieź% Poprawnych
baresi
52%
beckham
46%
Butragueno
45%
baggio
41%
blanc
36%
barnes
34%
Best
34%
Bergkamp
27%

Rozkład punktacji

Percentyl według liczby udzielonych odpowiedzi

Procent ludzi z każdym wynikiem

Twoja historia wyników

Nie rozwiązałeś tego quizu